Movies Quiz

Random Movies or Star Wars Quiz

How'd Ya Die: Star Wars Quiz Stats

Quiz Updated Jan 7, 2018

Challenge
Share
Tweet
Embed
Score 0/16 Timer 06:00
5 Plays Today
Death Character % Correct
Died of old age at 900 yearsYoda
93.9%
Killed by Darth Vader in a duel aboard the Death StarObi-Wan Kenobi
90.5%
Stabbed on Naboo by Darth MaulQui-Gon Jinn
90.5%
Sacrificed himself to destroy PalpatineDarth Vader
89.8%
'Lost her will to live' and died after giving birth to twinsPadmé Amidala
89.3%
Thrown into the Death Star reactor shaft by VaderEmperor Palpatine
87.4%
Strangled to death by LeiaJabba the Hutt
86.6%
Slain by his own son aboard the StarkillerHan Solo
85.8%
Death Character % Correct
Fell into the mouth of the SarlaccBoba Fett
85.1%
Ambushed by Anakin while fighting Palpatine and thrown out a windowMace Windu
84.5%
Didn't shoot first when fighting HanGreedo
81.6%
Cut in half by Kylo Ren controlling Luke Skywalker's light saberSupreme Leader Snoke
79.6%
Decapitated by Anakin Skywalker aboard Grievous' ship on the orders of PalpatineCount Dooku
75.8%
Tortured by the Tusken RaidersShmi Skywalker Lars
75.7%
Decapitated by Mace Windu in the Battle of GeonosisJango Fett
73.9%
Shot by Obi-Wan Kenobi on UtapauGeneral Grievous
65.3%

You're not logged in!

Compare scores with friends on all Sporcle quizzes.
Sign Up with Email
OR
Log In

You Might Also Like...

Show Comments

Extras

Top Quizzes Today


Score Distribution

Your Account Isn't Verified!

In order to create a playlist on Sporcle, you need to verify the email address you used during registration. Go to your Sporcle Settings to finish the process.